A locus with 25920 linear self-transformations /

Saved in:
Bibliographic Details
Main Author: Baker, H. F. (Henry Frederick), 1866-1956
Format: Book
Language:English
Published: Cambridge : Cambridge University Press, 1946.
Series:Cambridge tracts in mathematics and mathematical physics ; no. 39
Subjects:
LEADER 01005nam a2200241 i 4500
001 c000340146
003 CARM
005 00000000000000.0
008 820413s1946 enka 00000 eng d
019 1 |a 2558588  |5 LACONCORD2021 
035 |a (OCoLC)220224006  |5 LACONCORD2021 
040 |d VSL 
100 1 |a Baker, H. F.  |q (Henry Frederick),  |d 1866-1956. 
245 1 2 |a A locus with 25920 linear self-transformations /  |c by H.F. Baker. 
260 |a Cambridge :  |b Cambridge University Press,  |c 1946. 
300 |a xi, 107 p. :  |b ill. ;  |c 22 cm. 
490 0 |a Cambridge tracts in mathematics and mathematical physics ;  |v no. 39 
650 0 |a Geometry, Analytic. 
740 0 |a Locus with twenty five thousand nine hundred and twenty transformations. 
852 8 |b CARM  |h A1:AM05C0  |i B09242  |p 0425433  |f BK 
082 0 4 |a 512.72  |a 516.3  |2 20 
999 f f |i 321c379d-280a-5814-bd5f-dfe7624f9ba7  |s 87a32edc-ef28-50aa-a216-d6f132bf4f00 
952 f f |p Can circulate  |a CAVAL  |b CAVAL  |c CAVAL  |d CARM 1 Store  |e B09242  |f A1:AM05C0  |h Other scheme  |i book  |m 0425433